Assessment in the classroom / (Record no. 343829)

000 -LEADER
fixed length control field 01760 a2200217 4500
020 ## - INTERNATIONAL STANDARD BOOK NUMBER
International Standard Book Number 0534527043
020 ## - INTERNATIONAL STANDARD BOOK NUMBER
International Standard Book Number 9780534527044
082 04 - DEWEY DECIMAL CLASSIFICATION NUMBER
Classification number 371.26
090 ## - LOCALLY ASSIGNED LC-TYPE CALL NUMBER (OCLC); LOCAL CALL NUMBER (RLIN)
-- 1306
-- 1306
100 1# - MAIN ENTRY--PERSONAL NAME
Personal name Ward, Annie.
245 10 - TITLE STATEMENT
Title Assessment in the classroom /
Statement of responsibility, etc. Annie Ward.
250 ## - EDITION STATEMENT
Edition statement 1st ed.
260 ## - PUBLICATION, DISTRIBUTION, ETC.
Place of publication, distribution, etc. [S.l.] :
Name of publisher, distributor, etc. Wadsworth Pub Co,
Date of publication, distribution, etc. 1999.
300 ## - PHYSICAL DESCRIPTION
Extent 448 p. ;
Dimensions 24 cm.
500 ## - GENERAL NOTE
General note Hardcover.
520 ## - SUMMARY, ETC.
Summary, etc. This is a practically-oriented text that utilizes current issues as a way to engage students and illustrate the relevance and importance of assessment. This text focuses on a teacher�s needs and on assessment solely in the classroom environment. Since many assessment texts today are written by experts in statistics and cover the topic of assessment in many settings with complicated terminology, the practical approach of ASSESSMENT IN THE CLASSROOM appeals to instructors who find it difficult to get their students interested in the subjects of testing and measurement. The authors detail traditional testing methods as well as newer forms of "alternative assessment," which evaluates students on their abilities to use their knowledge in realistic situations. Areas covered include: the history of measurement in education, basic concepts, how to assess, what to assess, assessment procedures, and external testing programs, as well as how to set up and measure the latest portfolio assessment method. Many sample forms and examples of various types of assessment provided.
700 1# - ADDED ENTRY--PERSONAL NAME
Personal name Murray-Ward, Mildred.
856 40 - ELECTRONIC LOCATION AND ACCESS
Materials specified Amazon.com
Uniform Resource Identifier <a href="http://www.amazon.com/exec/obidos/ASIN/0534527043/chopaconline-20">http://www.amazon.com/exec/obidos/ASIN/0534527043/chopaconline-20</a>
856 40 - ELECTRONIC LOCATION AND ACCESS
Materials specified Amazon customer reviews
Uniform Resource Identifier <a href="http://www.chopac.org/cgi-bin/tools/azrev.pl?q=0534527043">http://www.chopac.org/cgi-bin/tools/azrev.pl?q=0534527043</a>
942 ## - ADDED ENTRY ELEMENTS (KOHA)
Institution code [OBSOLETE] NBS
Koha item type Book
Call number prefix 371.26 WAR
Holdings
Withdrawn status Lost status Damaged status Not for loan Permanent Location Current Location Date acquired Total Checkouts Full call number Barcode Date last seen Date last checked out Price effective from Koha item type
        Central Library (CL) Central Library (CL) 08/28/2013 1 371.26 WAR NBS6292 11/23/2017 08/23/2017 08/28/2013 Book
© 2023 Central Library, National University of Sciences and Technology. All Rights Reserved.